00790nam a2200217Ia 4500003000900000008004100009020001800050040001600068080001600084100002700100245012000127260004300247300001600290650004100306650002000347650003100367700002600398942000700424999001700431952012400448IN-BaIIA211028s9999 xx 000 0 eng d a3-7186-0566-X cIIA Library a52-728bKIM aKim, Chung Wook919287 0aNeutrinos in physics and astrophysicscChung Wook Kim and Aihud Pevsner  aUSAbHarwood Academic Publishersc1993 axxvi, 429p. aAstronomy and astrophysics thesaurus aNeutrinos91923 aNuclear astrophysics92774 aPevsner, Aihud919288 cBK c11252d11252 00104070aBANbBANcGENd1995-03-13g2058.40l0o52-728/ KIMp12167r2021-11-05v2058.40w1995-03-13yBKGRs. 2058.40